00198 a2200109 4500001000700000020000600007040001100013100000600024240002700030245002200057362000900079160425 a  cMagnum a-10aO urso marinheirolpor10aO urso marinheiro0 a1899